000 00707cam a2200253 4500500
005 20260405002915.0
041 _afre
042 _adc
100 1 0 _aPortevin, Catherine
_eauthor
245 0 0 _aOn ne naît pas femme, on le devient
260 _c2019.
500 _a92
690 _aCombat
690 _aConditionnement
690 _aDomination
690 _aÉducation
690 _aFabienne Brugère
690 _aFatalité
690 _aFéminin
690 _aFemme
690 _aFille
786 0 _nPhilosophie magazine | 129 | 5 | 2019-05-01 | p. 57-57 | 1951-1787
856 4 1 _uhttps://shs.cairn.info/magazine-philosophie-magazine-2019-5-page-57?lang=fr&redirect-ssocas=7080
999 _c2062369
_d2062369